开罗-这座城市在历史上曾被谁统治(四) - Statistics

General Stats
  • This quiz has been taken 42 times
  • The average score is 12 of 32
Answer Stats
时间及提示 政权名称 % Correct
这里初建为堡垒的时间众说纷纭,最早可至公元前2千纪;这一问输入“古埃及”,下面几问可直接输入古埃及王朝序数的阿拉伯数字 早于晚王国时期
100%
前27 - 公元395 重建(或初次建立)了这座堡垒 罗马帝国
61%
公元395 - 约619 东罗马帝国
56%
1798 - 1801 (占领国) 法国
56%
1517 - 1798 奥斯曼帝国
53%
1882 - 1952 (实际控制国) 英国
50%
前525 - 前404 此时期之初筑堡是较流行的说法 波斯帝国 (埃及第二十七王朝)
47%
前332 - 前323(前305) 亚历山大帝国 (埃及第三十二王朝前期)
47%
前30 - 前27 罗马共和国
47%
1250 - 1517 马穆鲁克王朝
47%
1801 - 1914 逐渐沦为名义上的统治 奥斯曼帝国
47%
(前323)前305 - 前30 托勒密王朝 (埃及第三十二王朝)
42%
前404 - 前399 埃及第二十八王朝
39%
前399 - 前380 埃及第二十九王朝
39%
前380 - 前343 埃及第三十王朝
39%
前343 - 前332 波斯帝国 (埃及第三十一王朝)
39%
(1952)1953 - 1958 埃及共和国
39%
641 - 661开始从军帐发展为省会 (帝国) 阿拉伯帝国 (正统哈里发王朝)
36%
661 - 749 (帝国王朝) 倭马亚王朝
36%
1971至今 (正式国号) 阿拉伯埃及共和国
36%
(1169)1171 - 1250 阿尤布王朝
33%
1805 - 1953 后期成为受保护国 (地方王朝) 穆罕默德·阿里王朝
31%
629 - 641 东罗马帝国
28%
969 - 1171建成了具备帝国首都规格的开罗城 法蒂玛王朝
28%
约619 - 629 波斯第二帝国 (萨珊王朝)
25%
(749)750 - 868 (帝国王朝) 阿拔斯王朝
25%
905 - 969 重新统治 (帝国王朝) 阿拔斯王朝
22%
1958 - 1971 阿拉伯联合共和国
22%
868 - 905 名义上统治 (帝国王朝) 阿拔斯王朝
19%
868 - 905 实际统治 (地方王朝) 图伦王朝
11%
1958 - 1961 (邦联) 阿拉伯合众国
3%
935 - 969 直接统治 (地方王朝) 伊赫昔迪王朝
0%
No matching quizzes found
Score Distribution
Percent of People with Each Score
Percentile by Number Answered
Your Score History
You have not taken this quiz